Secondary physics: (Record no. 7031)

000 -LEADER
fixed length control field 00429nam a2200145 4500
008 - FIXED-LENGTH DATA ELEMENTS--GENERAL INFORMATION
fixed length control field 151001b xxu||||| |||| 00| 0 eng d
020 ## - INTERNATIONAL STANDARD BOOK NUMBER
International Standard Book Number 9966445439
050 ## - LIBRARY OF CONGRESS CALL NUMBER
Classification number QC 23 .K53 2018
245 ## - TITLE STATEMENT
Title Secondary physics:
Remainder of title Students book four /
Statement of responsibility, etc. KLB
250 ## - EDITION STATEMENT
Edition statement 3rd ed.:
260 ## - PUBLICATION, DISTRIBUTION, ETC. (IMPRINT)
Place of publication, distribution, etc. Nairobi :
Name of publisher, distributor, etc. Kenya literature,
Date of publication, distribution, etc. 2018.
300 ## - PHYSICAL DESCRIPTION
Extent 307 p.
Other physical details : ill.
650 ## - SUBJECT ADDED ENTRY--TOPICAL TERM
Topical term or geographic name as entry element Physics.
942 ## - ADDED ENTRY ELEMENTS (KOHA)
Source of classification or shelving scheme
Koha item type Hard Covered Materials
Classification part QC 23 .K53 2013
Koha issues (borrowed), all copies 214
Holdings
Withdrawn status Lost status Source of classification or shelving scheme Damaged status Not for loan Home library Current library Shelving location Date acquired Source of acquisition Total Checkouts Full call number Barcode Date last seen Date last checked out Price effective from Koha item type
          MACHAKOS UNIVERSITY LIBRARY MACHAKOS UNIVERSITY LIBRARY Africana 01/10/2015 Donation(B.F.A) 136 QC 23 .K53 2013 13106 08/04/2024 08/04/2024 01/10/2015 Africana (Books)
          MACHAKOS UNIVERSITY LIBRARY MACHAKOS UNIVERSITY LIBRARY Africana 01/10/2015 Donation(B.F.A) 151 QC 23 .K53 2013 13107 09/02/2026 06/02/2026 01/10/2015 Hard Covered Materials
© Machakos University Library, Along The Highway, Machakos Wote Rd, Machakos, Kenya P.O. Box 136 - 90100 Machakos - Kenya

Tel: ( +254 ) 723 805829 OR Fax : 044-20353 OR Email: library@mksu.ac.ke